[Event "GER-chT Christmas U16 Lasker"]
[Site "Playchess.com INT"]
[Date "2020.12.28"]
[Round "1.4"]
[White "Hofmann, Benjamin1111"]
[Black "Vervay, Leon"]
[Result "1-0"]
[WhiteElo "1489"]
[BlackElo "1004"]
[PlyCount "83"]
[EventDate "2020.12.28"]
[EventType "team-swiss (blitz)"]
[EventRounds "7"]
[EventCountry "GER"]
[SourceTitle "CBM 200 Extra"]
[Source "ChessBase"]
[SourceDate "2021.03.31"]
[SourceVersion "1"]
[SourceVersionDate "2021.03.31"]
[SourceQuality "1"]
[WhiteTeam "Bochum SG"]
[BlackTeam "Bielefeld"]
[WhiteTeamCountry "GER"]
[BlackTeamCountry "GER"]

1. e4 e5 2. Nf3 Nc6 3. Bc4 Bc5 4. c3 Nf6 5. d3 0-0 6. b4 Bb6 7. a4 a5 8. b5 Na7 9. 0-0 d5 10. exd5 Nxd5 11. Nxe5 Qd6 12. d4 c6 13. Ba3 c5 14. Qf3 Bc7 15. Bxc5 Qh6 16. Bxd5 Be6 17. Bxe6 fxe6 18. Bxf8 Rxf8 19. Qxb7 Rf7 20. Qa8+ Rf8 21. Qxa7 Rf7 22. Qa8+ Rf8 23. Qc6 Rf7 24. b6 Bb8 25. g3 Bxe5 26. dxe5 g6 27. b7 Rf8 28. Qxe6+ Kh8 29. Na3 Qg7 30. Rab1 Rb8 31. Qc8+ Rxc8 32. bxc8Q+ Qg8 33. Qxg8+ Kxg8 34. Rfe1 Kf7 35. e6+ Ke7 36. Rb7+ Ke8 37. e7 Kf7 38. e8Q+ Kf6 39. Qe7+ Kf5 40. Re5+ Kg4 41. Qg5+ Kh3 42. Qh4# 1-0

[Event "GER-chT Christmas U16 Lasker"]
[Site "Playchess.com INT"]
[Date "2020.12.28"]
[Round "6.4"]
[White "Vervay, Leon"]
[Black "Parladi, Berk"]
[Result "0-1"]
[WhiteElo "1004"]
[BlackElo "1113"]
[PlyCount "50"]
[EventDate "2020.12.28"]
[EventType "team-swiss (blitz)"]
[EventRounds "7"]
[EventCountry "GER"]
[SourceTitle "CBM 200 Extra"]
[Source "ChessBase"]
[SourceDate "2021.03.31"]
[SourceVersion "1"]
[SourceVersionDate "2021.03.31"]
[SourceQuality "1"]
[WhiteTeam "Bielefeld"]
[BlackTeam "Koeln Porz II"]
[WhiteTeamCountry "GER"]
[BlackTeamCountry "GER"]

1. e4 e5 2. Nf3 Nc6 3. Bc4 Bc5 4. c3 d6 5. d3 Na5 6. Bb3 Nxb3 7. axb3 Nf6 8. Bg5 h6 9. Bh4 Bg4 10. Nbd2 b5 11. h3 Bh5 12. 0-0 0-0 13. Qc2 d5 14. Nxe5 dxe4 15. dxe4 Be7 16. Nc6 Qd6 17. Nxa7 Qb6 18. e5 Nd5 19. c4 Bxh4 20. cxd5 Rxa7 21. Rac1 Qd4 22. g3 Bxg3 23. Kg2 Bxe5 24. Rfe1 Qxd5+ 25. Kf1 Qh1# 0-1

[Event "GER-chT Christmas U16 Lasker"]
[Site "Playchess.com INT"]
[Date "2020.12.28"]
[Round "2.4"]
[White "Vervay, Leon"]
[Black "Stankovic, David"]
[Result "0-1"]
[WhiteElo "1004"]
[BlackElo "1314"]
[PlyCount "62"]
[EventDate "2020.12.28"]
[EventType "team-swiss (blitz)"]
[EventRounds "7"]
[EventCountry "GER"]
[SourceTitle "CBM 200 Extra"]
[Source "ChessBase"]
[SourceDate "2021.03.31"]
[SourceVersion "1"]
[SourceVersionDate "2021.03.31"]
[SourceQuality "1"]
[WhiteTeam "Bielefeld"]
[BlackTeam "Baden-Baden II"]
[WhiteTeamCountry "GER"]
[BlackTeamCountry "GER"]

1. e4 e5 2. Nf3 Nc6 3. Bc4 Nf6 4. Ng5 Bc5 5. c3 0-0 6. d3 d6 7. 0-0 Bg4 8. Nf3 h6 9. h3 Bh5 10. b4 Bb6 11. a4 a5 12. Be3 Bxe3 13. fxe3 axb4 14. cxb4 Nxb4 15. Qb3 c5 16. Nbd2 Qa5 17. d4 exd4 18. exd4 Bxf3 19. Nxf3 Nxe4 20. Nd2 Nxd2 21. Bxf7+ Kh8 22. Qd1 Nxf1 23. Kxf1 Rxf7+ 24. Kg1 Raf8 25. Kh2 cxd4 26. Qxd4 Nc2 27. Qd1 Nxa1 28. Qxa1 Qe5+ 29. Kg1 Qxa1+ 30. Kh2 Qe5+ 31. Kg1 Rf1# 0-1